The Alchemist: A Fable About Following Your Dream (Record no. 46522)

MARC details
000 -LEADER
fixed length control field 00420nam a22001697a 4500
005 - DATE AND TIME OF LATEST TRANSACTION
control field 20260511115540.0
008 - FIXED-LENGTH DATA ELEMENTS--GENERAL INFORMATION
fixed length control field 260511b |||||||| |||| 00| 0 eng d
020 ## - INTERNATIONAL STANDARD BOOK NUMBER
International Standard Book Number 9788172234980
041 ## - LANGUAGE CODE
Language code of text/sound track or separate title Eng
082 ## - DEWEY DECIMAL CLASSIFICATION NUMBER
Classification number 823 COE
100 ## - MAIN ENTRY--PERSONAL NAME
Author Coelho, Paulo
245 ## - TITLE STATEMENT
Title The Alchemist: A Fable About Following Your Dream
260 ## - PUBLICATION, DISTRIBUTION, ETC.
Place London
Publisher Happer
Publication Year 2025
300 ## - PHYSICAL DESCRIPTION
Extent 172;. P. 22 cm
650 ## - SUBJECT ADDED ENTRY--TOPICAL TERM
Subject Fiction
942 ## - ADDED ENTRY ELEMENTS (KOHA)
Koha item type Books
Holdings
Withdrawn status Lost status Source of classification or shelving scheme Damaged status Not for loan Home library Current library Shelving location Accession Date Vendor Price Bill number Total Checkouts Full call number Barcode No Date last seen Discount Cost, replacement price Bill Date Koha item type Suggested By
    Dewey Decimal Classification     IMTN IMTN Rack 38-B 05/11/2026 Raghav Books Private Limited 399.00 2630   823COE 33990 05/11/2026 30 279.30 04/30/2026 Books Recommended by Dr Rajneesh Chauhan
Designed & Maintained by: LRC IMT Nagpur Contact: lrc@imtnag.ac.in© 2024. All Rights Reserved.